[Event "Lichtenberger Sommer 2023"]
[Site "Berlin"]
[Date "2023.08.18"]
[Round "7.1"]
[White "Colpe, Malte"]
[Black "Hesse, Henrik"]
[Result "1-0"]
[WhiteElo "2381"]
[BlackElo "2266"]
[PlyCount "51"]
[EventDate "2023.??.??"]
[WhiteTeam "Hamburger SK von 1830 eV"]
[BlackTeam "SV Mattnetz Berlin e.V."]

1. d4 Nf6 2. c4 e6 3. Nf3 d5 4. Nc3 Be7 5. Bg5 Nbd7 6. cxd5 exd5 7. e3 c6 8.
Qc2 Nh5 9. Bxe7 Qxe7 10. O-O-O g6 11. Kb1 Nb6 12. Bd3 Be6 13. Rc1 O-O 14. h3 f5
15. Ka1 Nd7 16. g3 Nhf6 17. Ne2 Ne4 18. Nf4 Rae8 19. h4 Bf7 20. Rhg1 Ndf6 21.
Ne5 Nd7 22. Nxd7 Qxd7 23. Bf1 c5 24. dxc5 Nxc5 25. Qxc5 Rc8 26. Bb5 1-0

[Event "Lichtenberger Sommer 2023"]
[Site "Berlin"]
[Date "2023.08.18"]
[Round "7.2"]
[White "Figura, Atila Gajo"]
[Black "Lorenz, Sascha"]
[Result "0-1"]
[WhiteElo "2371"]
[BlackElo "2261"]
[PlyCount "96"]
[EventDate "2023.??.??"]
[WhiteTeam "SC Friesen Lichtenberg e.V."]
[BlackTeam "SK König Tegel 1949 e.V."]

1. d4 d5 2. c4 dxc4 3. e3 b5 4. a4 b4 5. Bxc4 Nf6 6. Qf3 c6 7. Ne2 e6 8. e4 Be7
9. O-O Ba6 10. Bxa6 Nxa6 11. Nd2 O-O 12. Nc4 c5 13. Rd1 cxd4 14. Bf4 Bc5 15.
Be5 Nd7 16. Bxd4 Qe7 17. Qg3 Bxd4 18. Nxd4 Rac8 19. Nd6 Rc5 20. N4b5 Ne5 21.
Rac1 Ng6 22. Qe3 Rxc1 23. Rxc1 Rd8 24. e5 h6 25. Rc6 Nb8 26. Rc7 Nd7 27. f4 f6
28. Rxa7 fxe5 29. fxe5 Qh4 30. Qe4 Qg5 31. Rc7 Ndxe5 32. a5 Qd2 33. h4 Qd1+ 34.
Kh2 h5 35. Rc8 Rxc8 36. Nxc8 Qd8 37. Nbd6 Ng4+ 38. Kg1 Qf6 39. Qe1 Qd4+ 40. Kh1
Nf2+ 41. Kh2 Qxh4+ 42. Kg1 Nh3+ 43. Kf1 Qf6+ 44. Ke2 Nhf4+ 45. Kd1 Qxb2 46. g3
b3 47. Qe4 Qa1+ 48. Kd2 b2 0-1

[Event "Lichtenberger Sommer 2023"]
[Site "Berlin"]
[Date "2023.08.18"]
[Round "7.3"]
[White "Brüdigam, Martin"]
[Black "Polatel, Ali"]
[Result "1-0"]
[WhiteElo "2362"]
[BlackElo "2154"]
[PlyCount "131"]
[EventDate "2023.??.??"]
[WhiteTeam "SK König Tegel 1949 e.V."]
[BlackTeam "SC Zugzwang 95 e.V."]

1. e4 c6 2. d4 d5 3. exd5 cxd5 4. Bd3 g6 5. c3 Bf5 6. Nf3 Nc6 7. O-O Nf6 8. Re1
Bg7 9. h3 O-O 10. Bf4 Qb6 11. Re2 Rfe8 12. Na3 a6 13. Rb1 Rad8 14. Bxf5 gxf5
15. Nc2 e6 16. Bh2 Ne4 17. Ne3 Ne7 18. Ne1 Qc6 19. Nd3 Ng6 20. Kh1 b6 21. Qc2
a5 22. Rg1 Bh6 23. f3 Nd6 24. Rge1 Nc4 25. Nxc4 Qxc4 26. a3 Bg7 27. Qd2 Qc6 28.
Bf4 Qb7 29. Bg5 Rc8 30. Bh6 Bf6 31. Rg1 Kh8 32. Nf4 Nxf4 33. Bxf4 Rg8 34. g4
fxg4 35. hxg4 Rg6 36. Rg3 Rcg8 37. Rh3 Qa6 38. Kg1 Qc4 39. Reh2 R8g7 40. Kf2
Qb3 41. Qe2 b5 42. Bh6 Rg8 43. Kg3 Qc4 44. Bg5 Kg7 45. Bh6+ Kh8 46. Bg5 Kg7 47.
Rxh7+ Kf8 48. Bxf6 Qxe2 49. Rxe2 Rxf6 50. Reh2 Rfg6 51. Rh8 Ke7 52. Kf4 Rf6+
53. Ke3 Rfg6 54. R2h7 R6g7 55. Rh5 Kd6 56. Kf4 Rg6 57. Rxg8 Rxg8 58. Rh7 Ke7
59. g5 a4 60. Kg4 Kf8 61. f4 Ke7 62. f5 exf5+ 63. Kxf5 Rg6 64. Rh6 Rg8 65. Rb6
Rh8 66. Rb7+ 1-0

[Event "Lichtenberger Sommer 2023"]
[Site "Berlin"]
[Date "2023.08.18"]
[Round "7.4"]
[White "Florstedt, Johannes"]
[Black "Verbitsky, Jaroslaw"]
[Result "1-0"]
[WhiteElo "2386"]
[BlackElo "1901"]
[PlyCount "49"]
[EventDate "2023.??.??"]
[WhiteTeam "SF Berlin 1903 e.V."]
[BlackTeam "SV Mattnetz Berlin e.V."]

1. Nf3 d5 2. e3 Nf6 3. c4 e6 4. Nc3 c5 5. cxd5 exd5 6. d4 Nc6 7. Be2 cxd4 8.
Nxd4 Bc5 9. Nxc6 bxc6 10. O-O O-O 11. b3 Qd6 12. Na4 Bb4 13. Bb2 Bf5 14. Rc1
Rfe8 15. Bf3 Be4 16. Qd4 Rac8 17. Nc5 Bxf3 18. gxf3 Bxc5 19. Rxc5 Re6 20. Rfc1
Ne8 21. Rxd5 Rg6+ 22. Kh1 cxd5 23. Rxc8 Qd7 24. Ra8 h6 25. Qe5 1-0

[Event "Lichtenberger Sommer 2023"]
[Site "Berlin"]
[Date "2023.08.18"]
[Round "7.5"]
[White "Heinig, Wolfram"]
[Black "Brinkmann, Fabian"]
[Result "1/2-1/2"]
[WhiteElo "2254"]
[BlackElo "2147"]
[PlyCount "34"]
[EventDate "2023.??.??"]
[WhiteTeam "SK Zehlendorf e.V."]
[BlackTeam "Hamburger SK von 1830 eV"]

1. d4 Nf6 2. c4 e6 3. g3 d5 4. Bg2 Be7 5. Nf3 O-O 6. O-O dxc4 7. Qc2 Bd7 8. Ne5
Bc6 9. Nxc6 Nxc6 10. e3 Na5 11. Nd2 c5 12. dxc5 Rc8 13. b4 cxb3 14. Nxb3 Nxb3
15. Qxb3 Nd7 16. Rd1 Qc7 17. Qxb7 Nxc5 1/2-1/2

[Event "Lichtenberger Sommer 2023"]
[Site "Berlin"]
[Date "2023.08.18"]
[Round "7.6"]
[White "Niehaus, Frank"]
[Black "Holinka, Henning"]
[Result "0-1"]
[WhiteElo "2145"]
[BlackElo "2241"]
[PlyCount "112"]
[EventDate "2023.??.??"]
[WhiteTeam "SK König Tegel 1949 e.V."]
[BlackTeam "Hamburger SK von 1830 eV"]

1. e4 c5 2. Nf3 d6 3. d4 cxd4 4. Nxd4 Nf6 5. Nc3 a6 6. f4 e5 7. Nf3 Qc7 8. a4
Be7 9. Bd3 O-O 10. O-O Re8 11. Kh1 Be6 12. Qe1 Nbd7 13. fxe5 dxe5 14. Be3 Nc5
15. Qg3 Nxd3 16. cxd3 Ng4 17. Bg1 f6 18. h3 Nh6 19. d4 Nf7 20. d5 Bd7 21. Nd4
Nd6 22. Ne6 Bxe6 23. dxe6 Qc4 24. Rae1 Qxe6 25. Bc5 Rac8 26. Bxd6 Bxd6 27. Nd5
Kh8 28. Qb3 Bc5 29. Rf5 Bd4 30. Ref1 Rf8 31. Qg3 Bxb2 32. Qh4 Rc1 33. Rxc1 Bxc1
34. Rf1 Bh6 35. Rb1 Qc6 36. Qe1 b5 37. axb5 axb5 38. Qb4 Rb8 39. Ne7 Qd7 40.
Nf5 Bd2 41. Qb3 g6 42. Ng3 Qc6 43. Rd1 Bf4 44. Ne2 Qc4 45. Qf3 Bg5 46. g3 Qe6
47. h4 Qh3+ 48. Kg1 Bxh4 49. Rd6 Bg5 50. Qd3 Kg7 51. Kf2 Qh2+ 52. Kf3 Kh6 53.
Rd7 f5 54. Nc3 Rf8 55. Qd6 fxe4+ 56. Kxe4 Qg2+ 0-1

[Event "Lichtenberger Sommer 2023"]
[Site "Berlin"]
[Date "2023.08.18"]
[Round "7.7"]
[White "Zur, Jan"]
[Black "Tscheuschner, Georg"]
[Result "1/2-1/2"]
[WhiteElo "2122"]
[BlackElo "2229"]
[PlyCount "78"]
[EventDate "2023.??.??"]
[WhiteTeam "SC Rotation Pankow e.V."]
[BlackTeam "SV Mattnetz Berlin e.V."]

1. e4 c5 2. Nf3 d6 3. Bb5+ Nd7 4. d4 cxd4 5. Qxd4 a6 6. Bxd7+ Bxd7 7. O-O Nf6
8. c4 g6 9. Nc3 Bg7 10. Rd1 O-O 11. h3 Be6 12. Qd3 b5 13. cxb5 axb5 14. Qxb5
Qc7 15. Nd4 Rfb8 16. Nxe6 Qc8 17. Qe2 Qxe6 18. Bf4 Nd7 19. f3 Bxc3 20. bxc3 Ra3
21. Rdc1 Rba8 22. Rc2 Nb6 23. Rb1 Na4 24. Qd2 Qc8 25. Rb3 Nc5 26. Rxa3 Rxa3 27.
Be3 Na4 28. Qc1 Rxc3 29. Rxc3 Nxc3 30. Qc2 Qc4 31. Kh2 d5 32. exd5 Qc7+ 33. g3
Qe5 34. Bf4 Qd4 35. Qd2 Qc4 36. Qc2 f6 37. a4 Qf1 38. Qxc3 Qf2+ 39. Kh1 Qf1+
1/2-1/2

[Event "Lichtenberger Sommer 2023"]
[Site "Berlin"]
[Date "2023.08.18"]
[Round "7.8"]
[White "Syre, Christian"]
[Black "Nöldner, Julian"]
[Result "1/2-1/2"]
[WhiteElo "2119"]
[BlackElo "2175"]
[PlyCount "29"]
[EventDate "2023.??.??"]
[WhiteTeam "SC Kreuzberg e.V."]
[BlackTeam "SF Nordost Berlin"]

1. Nf3 Nf6 2. c4 g6 3. Nc3 Bg7 4. e4 e5 5. g3 O-O 6. Bg2 d6 7. O-O c5 8. d3 Nc6
9. a3 Rb8 10. Rb1 a6 11. b4 cxb4 12. axb4 b5 13. cxb5 axb5 14. h3 Qc7 15. Bd2
1/2-1/2

[Event "Lichtenberger Sommer 2023"]
[Site "Berlin"]
[Date "2023.08.18"]
[Round "7.10"]
[White "Stark, Ingo"]
[Black "Nötzel, Felix"]
[Result "0-1"]
[WhiteElo "2106"]
[BlackElo "2169"]
[PlyCount "120"]
[EventDate "2023.??.??"]
[WhiteTeam "TSG Oberschöneweide e.V."]
[BlackTeam "SF Berlin 1903 e.V."]

1. e4 c5 2. Nf3 Nc6 3. d4 cxd4 4. Nxd4 g6 5. Nc3 Bg7 6. Be3 Nf6 7. Bc4 O-O 8.
Bb3 a5 9. O-O a4 10. Nxa4 Nxe4 11. Nb5 d5 12. Bb6 Qd7 13. Qe2 e6 14. Rad1 Na5
15. Nc7 Nxb3 16. cxb3 Rxa4 17. bxa4 Qxa4 18. f3 Nd6 19. Rc1 Bd4+ 20. Bxd4 Qxd4+
21. Qf2 Qxf2+ 22. Kxf2 Bd7 23. b3 Bc6 24. a4 Kg7 25. Na6 Bxa4 26. bxa4 bxa6 27.
Rc6 Nc4 28. Rxa6 Rb8 29. Ra1 Rb2+ 30. Kg1 d4 31. Rc6 Ne3 32. Rd6 Rxg2+ 33. Kh1
Rd2 34. a5 Nf5 35. a6 Nh4 36. Rf1 e5 37. f4 e4 38. a7 Nf3 39. Rxf3 exf3 40. Kg1
Ra2 41. Rxd4 Rxa7 42. Rd3 Ra1+ 43. Kf2 Ra2+ 44. Kg3 f2 45. Rf3 Ra3 46. Kxf2
Rxf3+ 47. Kxf3 Kf6 48. h3 Kf5 49. Ke3 h6 50. Kf3 g5 51. fxg5 hxg5 52. Kg3 Ke4
53. Kg4 f5+ 54. Kxg5 f4 55. h4 f3 56. h5 f2 57. h6 f1=Q 58. h7 Qf5+ 59. Kh6
Qf6+ 60. Kh5 Kf5 0-1

[Event "Lichtenberger Sommer 2023"]
[Site "Berlin"]
[Date "2023.08.18"]
[Round "7.11"]
[White "Bui, Bao Anh Le"]
[Black "Hommel, Niclas"]
[Result "1/2-1/2"]
[WhiteElo "2162"]
[BlackElo "2043"]
[PlyCount "105"]
[EventDate "2023.??.??"]
[WhiteTeam "SV Mattnetz Berlin e.V."]
[BlackTeam "TSG Oberschöneweide e.V."]

1. e4 c5 2. c3 Nf6 3. e5 Nd5 4. d4 cxd4 5. Nf3 Nc6 6. cxd4 d6 7. Bc4 e6 8. O-O
Be7 9. Qe2 O-O 10. Rd1 Na5 11. Bd3 Nb4 12. Nc3 Nxd3 13. Qxd3 dxe5 14. dxe5 Qxd3
15. Rxd3 Rd8 16. Rxd8+ Bxd8 17. Bg5 Bxg5 18. Nxg5 Bd7 19. Rd1 Rd8 20. f4 Nc6
21. Nge4 Kf8 22. Nd6 Ke7 23. Nxb7 Rb8 24. Nc5 Be8 25. b3 g5 26. g3 gxf4 27.
gxf4 Nb4 28. Kf2 Rc8 29. N5e4 Bc6 30. Nd6 Rg8 31. Nce4 Bd5 32. a3 Nc6 33. b4 a6
34. Rc1 Rg4 35. Kf3 h5 36. h3 Rg8 37. Kf2 h4 38. Nf6 Rg2+ 39. Kf1 Bf3 40. Rc3
Rg3 41. Kf2 Rg2+ 42. Ke1 Rg1+ 43. Kd2 Rg2+ 44. Kc1 Rg1+ 45. Kb2 Rg2+ 46. Kb3
Rg3 47. Kb2 Rg2+ 48. Kc1 Rg1+ 49. Kd2 Rg2+ 50. Ke1 Rg1+ 51. Kf2 Rg2+ 52. Kf1
Rg3 53. Kf2 1/2-1/2

[Event "Lichtenberger Sommer 2023"]
[Site "Berlin"]
[Date "2023.08.18"]
[Round "7.12"]
[White "Hommer, Jeremy"]
[Black "Donath, Johann"]
[Result "1-0"]
[WhiteElo "2308"]
[BlackElo "2043"]
[PlyCount "81"]
[EventDate "2023.??.??"]
[WhiteTeam "Hamburger SK von 1830 eV"]
[BlackTeam "BSV 63 Chemie Weißensee"]

1. e4 c5 2. Nf3 d6 3. Bb5+ Nd7 4. c4 Ngf6 5. Nc3 e6 6. O-O Be7 7. d4 cxd4 8.
Qxd4 a6 9. Ba4 O-O 10. Rd1 Qc7 11. Bxd7 Bxd7 12. Bf4 e5 13. Nxe5 dxe5 14. Bxe5
Qc6 15. Bxf6 Bxf6 16. e5 Bxe5 17. Qxe5 Be6 18. b3 Rac8 19. Rd6 Qc7 20. Nd5 Bxd5
21. Qxd5 Rfd8 22. Rd1 Rxd6 23. Qxd6 Qxd6 24. Rxd6 Kf8 25. Kf1 Ke7 26. Rd4 h5
27. h4 g6 28. Ke2 Ke6 29. Kd3 b6 30. Rd5 Ke7 31. b4 Rc6 32. a4 Re6 33. a5 bxa5
34. Rxa5 Kd7 35. Ra2 Kc7 36. g3 Kb6 37. c5+ Kb7 38. Re2 Rf6 39. f4 Kc6 40. Kc4
Rf5 41. Re7 1-0

[Event "Lichtenberger Sommer 2023"]
[Site "Berlin"]
[Date "2023.08.18"]
[Round "7.13"]
[White "Förster, Jonas"]
[Black "Braeunlin, Herbert"]
[Result "1-0"]
[WhiteElo "2262"]
[BlackElo "2040"]
[PlyCount "62"]
[EventDate "2023.??.??"]
[WhiteTeam "SV Empor Berlin e.V."]
[BlackTeam "Bräunlin Kolb Schälicke Al"]

1. d4 d5 2. Nf3 Nf6 3. g3 e6 4. Bg2 c5 5. c4 Nc6 6. O-O Be7 7. cxd5 exd5 8. a3
c4 9. Nc3 O-O 10. Ne5 Be6 11. Nxc4 dxc4 12. d5 Nxd5 13. Nxd5 Bc5 14. Nf4 Qb6
15. e3 Na5 16. Nxe6 fxe6 17. Qc2 Rac8 18. Be4 g6 19. Bxg6 hxg6 20. Qxg6+ Kh8
21. b4 c3 22. bxc5 Rxc5 23. Qh6+ Kg8 24. Qg6+ Kh8 25. e4 Nb3 26. Qh6+ Kg8 27.
Qg6+ Kh8 28. Bh6 Rg8 29. Qf6+ Kh7 30. Be3 Rg7 31. Rab1 Rgc7 1-0

[Event "Lichtenberger Sommer 2023"]
[Site "Berlin"]
[Date "2023.08.18"]
[Round "7.14"]
[White "Möller, Dustin"]
[Black "Beyer, Lorenz"]
[Result "0-1"]
[WhiteElo "2230"]
[BlackElo "1994"]
[PlyCount "138"]
[EventDate "2023.??.??"]
[WhiteTeam "Preetzer TSV"]
[BlackTeam "Barnimer SF im SV Sta"]

1. d4 Nf6 2. c4 e6 3. Nc3 d5 4. cxd5 exd5 5. Bg5 Be7 6. e3 h6 7. Bh4 O-O 8. Bd3
c6 9. Nge2 Ne4 10. Bxe7 Qxe7 11. Bxe4 dxe4 12. O-O Nd7 13. Qc2 Nf6 14. Ng3 Re8
15. Rae1 h5 16. f3 exf3 17. gxf3 h4 18. Nf5 Bxf5 19. Qxf5 Rad8 20. Qg5 Nd5 21.
Qxe7 Rxe7 22. Nxd5 Rxd5 23. Kf2 c5 24. dxc5 Rxc5 25. f4 Kf8 26. Rc1 Rec7 27.
Rxc5 Rxc5 28. Kf3 g5 29. Rf2 f6 30. fxg5 Rxg5 31. Rg2 Rc5 32. Kg4 Rg5+ 33. Kh3
Re5 34. Re2 Re4 35. Kg2 Ke7 36. Kf3 Rc4 37. b3 Rc1 38. Rf2 Ke6 39. Ke4 b6 40.
Kd4 Rd1+ 41. Kc4 h3 42. a4 Rc1+ 43. Kb5 Rc3 44. Rf3 Rxb3+ 45. Kc4 Rb2 46. Rxh3
a5 47. Rh7 Rb4+ 48. Kc3 Rxa4 49. h4 b5 50. h5 Rh4 51. h6 b4+ 52. Kb3 Rh3 53.
Ka4 Rxe3 54. Kxa5 b3 55. Rb7 Rh3 56. Kb4 Rxh6 57. Kxb3 Rh8 58. Kc3 Rd8 59. Rb5
f5 60. Kc2 Kf6 61. Kc3 Kg5 62. Rb7 Kf4 63. Re7 Kf3 64. Re6 f4 {[%csl Ge5]} 65.
Re5 Kf2 66. Re6 f3 67. Re7 Kf1 68. Re6 f2 69. Kc2 Rg8 0-1

[Event "Lichtenberger Sommer 2023"]
[Site "Berlin"]
[Date "2023.08.18"]
[Round "7.15"]
[White "Hoffmann, Kay"]
[Black "Tiarks, Jann-Christian"]
[Result "0-1"]
[WhiteElo "2036"]
[BlackElo "2211"]
[PlyCount "72"]
[EventDate "2023.??.??"]
[WhiteTeam "Barnimer SF im SV Sta"]
[BlackTeam "SC Empor Potsdam 1952 e.V."]

1. d4 d5 2. Bf4 c5 3. e3 Nc6 4. c3 Bf5 5. Bd3 Bxd3 6. Qxd3 Qb6 7. Qc2 e6 8. Nd2
Nf6 9. Ngf3 Be7 10. h3 O-O 11. O-O a5 12. a4 Rac8 13. Qd3 Nd7 14. Rfe1 f5 15.
Bh2 c4 16. Qc2 Nd8 17. Rab1 Qc6 18. Ne5 Nxe5 19. Bxe5 Nf7 20. f4 Nxe5 21. fxe5
Rc7 22. Rf1 Kh8 23. Rf4 Rb8 24. b3 cxb3 25. Rxb3 b5 26. axb5 Rxb5 27. Rxb5 Qxb5
28. Rf1 h6 29. c4 dxc4 30. e4 c3 31. Nb3 a4 32. Nc1 Qc4 33. Ne2 Qb3 34. Qd3 c2
35. Qa6 Qe3+ 36. Kh2 Qxe4 0-1

[Event "Lichtenberger Sommer 2023"]
[Site "Berlin"]
[Date "2023.08.18"]
[Round "7.16"]
[White "Hess, Christian"]
[Black "Witte, Ronald"]
[Result "1/2-1/2"]
[WhiteElo "2210"]
[BlackElo "1973"]
[PlyCount "61"]
[EventDate "2023.??.??"]
[WhiteTeam "FC ST.Pauli 1910 eV SAbt"]
[BlackTeam "BSV 63 Chemie Weißensee"]

1. c4 c6 2. e4 c5 3. Nf3 Nc6 4. d4 cxd4 5. Nxd4 g6 6. Nc3 Bg7 7. Be3 d6 8. Be2
Nf6 9. O-O O-O 10. Rb1 Bd7 11. f3 a6 12. Qd2 Re8 13. Rfd1 Nxd4 14. Bxd4 Bc6 15.
b4 b6 16. Qe3 b5 17. cxb5 axb5 18. Bxb5 Bxb5 19. Nxb5 Rxa2 20. Qb3 Ra8 21. Nc3
Nd7 22. Bxg7 Kxg7 23. Nd5 Kg8 24. Rdc1 Rc8 25. h3 e6 26. Rxc8 Qxc8 27. Ne3 Qc7
28. Kh1 Rb8 29. Qb2 h5 30. Rc1 Qb6 31. Nc4 1/2-1/2

[Event "Lichtenberger Sommer 2023"]
[Site "Berlin"]
[Date "2023.08.18"]
[Round "7.17"]
[White "Möller, Jared William"]
[Black "Zackrisson, Peter"]
[Result "0-1"]
[WhiteElo "1979"]
[BlackElo "2204"]
[PlyCount "74"]
[EventDate "2023.??.??"]
[WhiteTeam "SV Glück auf Rüdersdorf e.V."]
[BlackTeam "USV Potsdam e.V., Abt. Schach"]

1. d4 Nf6 2. c4 g6 3. Nc3 Bg7 4. e4 O-O 5. Be2 d6 6. Be3 Nc6 7. d5 Ne5 8. f4
Neg4 9. Bd2 Nh6 10. Nf3 Nd7 11. h4 f5 12. e5 e6 13. Ng5 Nc5 14. b4 Ne4 15. dxe6
dxe5 16. Ncxe4 fxe4 17. Qb3 Nf5 18. c5 Qe7 19. Bc3 Nd4 20. Bxd4 exd4 21. Bc4
Rxf4 22. g3 Rf5 23. O-O-O a5 24. Nxe4 a4 25. Qd3 Bxe6 26. Ng5 Bh6 27. Kb1 Bxg5
28. hxg5 Qf7 29. Bxe6 Qxe6 30. Qxd4 Qf7 31. Qd7 Rf8 32. Qxa4 Rxg5 33. Qd7 Rxg3
34. Qxf7+ Rxf7 35. Rd8+ Kg7 36. Rb8 c6 37. Kc2 Rg2+ 0-1

[Event "Lichtenberger Sommer 2023"]
[Site "Berlin"]
[Date "2023.08.18"]
[Round "7.18"]
[White "Petersen, Soren Boeck"]
[Black "Rogozenco, Teodora"]
[Result "1-0"]
[WhiteElo "2179"]
[BlackElo "1952"]
[PlyCount "87"]
[EventDate "2023.??.??"]
[WhiteTeam "vereinslos"]
[BlackTeam "Hamburger SK von 1830 eV"]

1. e4 e5 2. Nf3 Nc6 3. d4 exd4 4. Nxd4 Bb4+ 5. c3 Bc5 6. Nxc6 dxc6 7. Qxd8+
Kxd8 8. Bc4 Nf6 9. Bg5 h6 10. Bxf6+ gxf6 11. Bxf7 Rh7 12. Bc4 Rg7 13. g3 b5 14.
Bd3 Bh3 15. Nd2 Rd7 16. Bf1 Be6 17. Nb3 Bb6 18. Bg2 Bc4 19. e5 Bd5 20. Bxd5
Rxd5 21. exf6 Re5+ 22. Kf1 Rf5 23. Rd1+ Kc8 24. f4 Rxf6 25. Kg2 Kb7 26. Rhe1
Rf5 27. Kf3 h5 28. Nd4 Rf6 29. Re5 Rd8 30. b4 a5 31. a3 Rfd6 32. Ke4 Rd5 33.
Rd2 a4 34. Rxd5 cxd5+ 35. Kd3 c5 36. bxc5 Bxc5 37. Ne6 Rc8 38. Nxc5+ Rxc5 39.
Rf2 Kc6 40. f5 Kd7 41. f6 Ke8 42. f7+ Kf8 43. Rf5 h4 44. gxh4 1-0

[Event "Lichtenberger Sommer 2023"]
[Site "Berlin"]
[Date "2023.08.18"]
[Round "7.19"]
[White "Pueschel, Werner"]
[Black "Jahn, Thomas"]
[Result "1/2-1/2"]
[WhiteElo "2054"]
[BlackElo "2173"]
[PlyCount "67"]
[EventDate "2023.??.??"]
[WhiteTeam "vereinslos"]
[BlackTeam "SV Empor Berlin e.V."]

1. e4 e5 2. Nf3 Nc6 3. c3 f5 4. d3 d5 5. exd5 Qxd5 6. Qb3 Be6 7. Nbd2 Qd7 8.
Qxb7 Rb8 9. Qa6 Nf6 10. d4 exd4 11. Nxd4 Nxd4 12. cxd4 Bd5 13. f3 Bb4 14. Qd3
O-O 15. Be2 Nh5 16. g3 Rbe8 17. O-O f4 18. g4 Re3 19. Qb5 c6 20. Qa6 Qe7 21.
Bc4 Nf6 22. a3 Bd6 23. Nb1 Re1 24. Bd2 Rxf1+ 25. Kxf1 h5 26. Qxc6 Qe6 27. Bxd5
Nxd5 28. Nc3 Nxc3 29. Bxc3 hxg4 30. Re1 Qh6 31. fxg4 Qh3+ 32. Qg2 Qd3+ 33. Qe2
Qh3+ 34. Qg2 1/2-1/2

[Event "Lichtenberger Sommer 2023"]
[Site "Berlin"]
[Date "2023.08.18"]
[Round "7.20"]
[White "Möwisch, Dave"]
[Black "Vogel, Robert"]
[Result "0-1"]
[WhiteElo "1922"]
[BlackElo "2104"]
[PlyCount "80"]
[EventDate "2023.??.??"]
[WhiteTeam "Potsdamer SV Mitte e.V."]
[BlackTeam "SK München Südost e.V."]

1. e4 c5 2. Nf3 Nc6 3. Bb5 g6 4. Bxc6 bxc6 5. O-O Bg7 6. c3 Nh6 7. d4 cxd4 8.
cxd4 O-O 9. Nc3 d6 10. h3 f6 11. Re1 Nf7 12. Bf4 e5 13. Bg3 Bd7 14. Qc2 Rb8 15.
Rad1 Qe7 16. Re2 Rb7 17. b3 Rb4 18. dxe5 fxe5 19. Nd2 Be6 20. Na4 Rc8 21. f4
exf4 22. Bxf4 Rb5 23. Nf3 Rh5 24. Red2 Qf6 25. Bxd6 Bxh3 26. e5 Qf5 27. Nd4
Qxc2 28. Rxc2 Bg4 29. Nxc6 Bh6 30. Re1 Kg7 31. Rc4 Be6 32. Nxa7 Rxc4 33. bxc4
Bxc4 34. Bc5 Bf4 35. e6 Bh2+ 36. Kf2 Rf5+ 37. Ke3 Bxe6 38. Bd4+ Kf8 39. Nc3 Bc4
40. Nc6 Bf4+ 0-1

[Event "Lichtenberger Sommer 2023"]
[Site "Berlin"]
[Date "2023.08.18"]
[Round "7.21"]
[White "Zesewitz, Martin"]
[Black "Dathe, Frederick"]
[Result "0-1"]
[WhiteElo "1916"]
[BlackElo "2075"]
[PlyCount "68"]
[EventDate "2023.??.??"]
[WhiteTeam "SV SF Friedrichshagen"]
[BlackTeam "SC Kreuzberg e.V."]

1. f4 Nf6 2. Nf3 g6 3. Nc3 d5 4. e3 Bg7 5. Be2 O-O 6. O-O b6 7. d3 Bb7 8. Qe1
c5 9. Qh4 Nc6 10. f5 gxf5 11. Ng5 e6 12. e4 dxe4 13. dxe4 h6 14. exf5 Qd4+ 15.
Qxd4 cxd4 16. fxe6 hxg5 17. Nb5 fxe6 18. Nc7 Rac8 19. Nxe6 Rfe8 20. Bxg5 Rxe6
21. Bc4 Kf7 22. Rae1 Rce8 23. g4 Na5 24. Bxe6+ Rxe6 25. Rd1 Kg6 26. Bh4 Re4 27.
h3 Nxg4 28. hxg4 Rxg4+ 29. Kh2 Rxh4+ 30. Kg3 Rh5 31. Rfe1 Be5+ 32. Kg4 Nc4 33.
Rxe5 Rxe5 34. Rxd4 Re4+ 0-1

[Event "Lichtenberger Sommer 2023"]
[Site "Berlin"]
[Date "2023.08.18"]
[Round "7.22"]
[White "Bezhenar, Georgy"]
[Black "Krefenstein, Sergej"]
[Result "1-0"]
[WhiteElo "1833"]
[BlackElo "2065"]
[PlyCount "87"]
[EventDate "2023.??.??"]
[WhiteTeam "SC Kreuzberg e.V."]
[BlackTeam "TuS Makkabi Berlin e.V."]

1. d4 Nf6 2. c4 g6 3. Nc3 d5 4. cxd5 Nxd5 5. e4 Nxc3 6. bxc3 Bg7 7. Bc4 c5 8.
Ne2 O-O 9. O-O Nd7 10. Be3 Qc7 11. Rc1 b6 12. f3 Bb7 13. h4 h5 14. Nf4 Kh7 15.
e5 Bh6 16. Qe2 Bxf4 17. Bxf4 e6 18. Qf2 Rfc8 19. Qg3 Qd8 20. Bg5 Qf8 21. Qf4 a6
22. g4 cxd4 23. cxd4 b5 24. Bd3 hxg4 25. Rxc8 Rxc8 26. fxg4 Kg8 27. Bh6 Qe7 28.
Bg5 Qf8 29. h5 Rc3 30. Bh6 Qe7 31. hxg6 Rxd3 32. gxf7+ Kh7 33. Qh2 Rg3+ 34.
Qxg3 Kxh6 35. g5+ Kg6 36. Rf6+ Kg7 37. Qh4 Qxf7 38. Rxf7+ Kxf7 39. Qh7+ Ke8 40.
g6 Be4 41. Qh8+ Ke7 42. Qh4+ Kf8 43. Qxe4 Kg8 44. Qb7 1-0

[Event "Lichtenberger Sommer 2023"]
[Site "Berlin"]
[Date "2023.08.18"]
[Round "7.23"]
[White "Besombes, Romain"]
[Black "Böddeker, Henry"]
[Result "0-1"]
[WhiteElo "1867"]
[BlackElo "2063"]
[PlyCount "54"]
[EventDate "2023.??.??"]
[WhiteTeam "SF Berlin 1903 e.V."]
[BlackTeam "SF Berlin 1903 e.V."]

1. d4 Nf6 2. Bf4 d5 3. e3 c5 4. c3 Nc6 5. Nd2 Bf5 6. Ngf3 Qb6 7. dxc5 Qxb2 8.
Nd4 e5 9. Nxf5 exf4 10. Rb1 Qxc3 11. Rxb7 fxe3 12. fxe3 Bxc5 13. Bb5 O-O 14.
Bxc6 Bxe3 15. Rb3 Bxd2+ 16. Qxd2 Qa1+ 17. Qd1 Qe5+ 18. Re3 Qxf5 19. Bxa8 Rxa8
20. Rf1 Qg5 21. Qf3 Rc8 22. Qf4 Qxg2 23. Rg3 Qb2 24. Rxg7+ Kxg7 25. Qg5+ Kf8
26. Qh6+ Ke8 27. Qe3+ Ne4 0-1

[Event "Lichtenberger Sommer 2023"]
[Site "Berlin"]
[Date "2023.08.18"]
[Round "7.24"]
[White "Muskewitz, Bernd"]
[Black "Wiechert, Hans"]
[Result "1-0"]
[WhiteElo "1879"]
[BlackElo "2151"]
[PlyCount "71"]
[EventDate "2023.??.??"]
[WhiteTeam "SF Nordost Berlin"]
[BlackTeam "SC Untergrombach 46"]

1. e4 c5 2. Nf3 e6 3. c3 Nf6 4. e5 Nd5 5. d4 cxd4 6. cxd4 b6 7. Nc3 Nxc3 8.
bxc3 Qc7 9. Bd2 Be7 10. Bd3 Ba6 11. Qe2 Bxd3 12. Qxd3 Nc6 13. O-O Na5 14. Rac1
Nc4 15. Bg5 Ba3 16. Rc2 h6 17. Bc1 Bxc1 18. Rfxc1 O-O 19. Nd2 Rac8 20. Ne4 d5
21. Ng3 Na3 22. Rd2 Qc4 23. Qf3 b5 24. Rd3 Qxa2 25. Nh5 f5 26. exf6 g6 27. Qg4
Kh7 28. Qxe6 Rc7 29. Nf4 Rff7 30. Nxg6 b4 31. Ne5 b3 32. Qf5+ Kh8 33. Rg3 b2
34. Ng6+ Kh7 35. Ne7+ Kh8 36. Rg8# 1-0

[Event "Lichtenberger Sommer 2023"]
[Site "Berlin"]
[Date "2023.08.18"]
[Round "7.25"]
[White "Amelang, Thomas"]
[Black "Beran, Rolf-Dietrich"]
[Result "0-1"]
[WhiteElo "2141"]
[BlackElo "1899"]
[PlyCount "76"]
[EventDate "2023.??.??"]
[WhiteTeam "Münchener SC 1836 e.V."]
[BlackTeam "SG Rot-Weiß Neuenhagen"]

1. e4 c5 2. Nc3 a6 3. a4 b6 4. g3 Bb7 5. Bg2 d6 6. d3 e5 7. f4 Nf6 8. Nf3 Nbd7
9. O-O Be7 10. Qe2 O-O 11. Nh4 Re8 12. Nf5 Nf8 13. Nxe7+ Qxe7 14. f5 N6d7 15.
g4 h6 16. Qf2 Nh7 17. h4 f6 18. Be3 Rac8 19. Qd2 Kh8 20. Rf3 Bc6 21. Kf2 b5 22.
axb5 axb5 23. Rh1 b4 24. Nd5 Bxd5 25. exd5 e4 26. Rg3 exd3 27. cxd3 Ne5 28. g5
c4 29. gxh6 gxh6 30. Be4 Rg8 31. Rhg1 Rxg3 32. Rxg3 cxd3 33. Bxd3 h5 34. Be2 b3
35. Bh6 Ng4+ 36. Kf1 Rc2 37. Qd1 Nxh6 38. Rxb3 Qe4 0-1

[Event "Lichtenberger Sommer 2023"]
[Site "Berlin"]
[Date "2023.08.18"]
[Round "7.26"]
[White "Vandre, Wolfgang"]
[Black "Seth, Aakrit"]
[Result "1/2-1/2"]
[WhiteElo "2095"]
[BlackElo "1894"]
[PlyCount "51"]
[EventDate "2023.??.??"]
[WhiteTeam "SC Berolina Mitte e.V."]
[BlackTeam "SC Weisse Dame e.V."]

1. c4 e6 2. d4 d5 3. Nc3 Nf6 4. Bg5 Be7 5. e3 Nbd7 6. Nf3 b6 7. Rc1 O-O 8. cxd5
exd5 9. Bd3 Bb7 10. O-O c5 11. Qa4 c4 12. Bb1 a6 13. Qc2 b5 14. Ne5 g6 15. f3
b4 16. Ne2 Re8 17. Bf4 Nh5 18. g4 Nxf4 19. exf4 Ra7 20. Ng3 Nxe5 21. fxe5 Qb6
22. Qf2 f6 23. f4 fxe5 24. fxe5 Rf8 25. Qe3 Raa8 26. Kg2 1/2-1/2